00305nam a2200121Ia 4500008004100000020001500041041000800056082001000064100001800074245005600092260002700148300000800175230724s1999 xx und d a8123902980 aeng a910.2 aLITTLEWOOD M. aLANDSCAPE DETAILING VOLL- I ENCLOSURE IIIRD EDTION. bC.B.S PUBLISHERSc1999 a193